000 00488nam a2200181 i 4500
001 31056
003 ES-MaACL
005 20251003162655.0
007 t|
008 030128s1916 it |||| |bita d
100 1 _aBellorini, Egidio.
_927271
245 1 0 _aSilvio Pellico /
_cEgidio Bellorini.
260 _aCatania :
_bS. di Mattei,
_c1916.
300 _a99 p. ;
_c16 cm.
600 1 7 _aPellico, Silvio,
_d1789-1854
_2
_9130947
852 _aES-MaACL
_jF-3326
999 _c31056
_d31056